| 000 | 00568nam a2200217Ia 4500 | ||
|---|---|---|---|
| 005 | 20260429112139.0 | ||
| 008 | 260429s9999||||xx |||||||||||||| ||und|| | ||
| 020 | _a9781032447971 | ||
| 041 | _aEnglish | ||
| 082 |
_a910.684 _bLIY |
||
| 100 | _aLi, Yang | ||
| 245 | 0 |
_aEthnic tourism : _bimpacts, Challenges and opportunities / _cYang Li |
|
| 250 | _a1st ed. | ||
| 260 |
_aLondon : _bRoutledge, _c2024. |
||
| 300 | _a230 p.; pbk | ||
| 650 | _a Social aspects | ||
| 650 | _a Tourism | ||
| 650 | _aHeritage tourism | ||
| 700 | _a Wall, Geoffrey | ||
| 942 | _cTB | ||
| 999 |
_c52589 _d52589 |
||